| 000 | 01340nam a22003014a 4500 | ||
|---|---|---|---|
| 001 | ebr10004977 | ||
| 003 | CaPaEBR | ||
| 006 | m u | ||
| 007 | cr cn||||||||| | ||
| 008 | 010308s2000 sz a sb 000 0 eng | ||
| 010 | _z 2001350081 | ||
| 020 | _z9221113876 | ||
| 040 |
_aCaPaEBR _cCaPaEBR |
||
| 035 | _a(OCoLC)70769048 | ||
| 050 | 1 | 4 |
_aHD5856.E78 _bD63 2000eb |
| 245 | 0 | 0 |
_aDocumenting discrimination against migrant workers in the labour market _h[electronic resource] : _ba comparative study of four European countries / _cedited by Roger Zegers de Beijl. |
| 260 |
_aGeneva : _bInternational Labour Office, _cc2000. |
||
| 300 |
_ax, 113 p. : _bill. |
||
| 504 | _aIncludes bibliographical references (p. 107-113). | ||
| 533 |
_aElectronic reproduction. _bPalo Alto, Calif. : _cebrary, _d2013. _nAvailable via World Wide Web. _nAccess may be limited to ebrary affiliated libraries. |
||
| 650 | 0 |
_aMigrant labor _zEurope _vCase studies. |
|
| 650 | 0 |
_aDiscrimination in employment _zEurope _vCase studies. |
|
| 650 | 0 |
_aMigrant labor _xLegal status, laws, etc. _zEurope _vCase studies. |
|
| 655 | 7 |
_aElectronic books. _2local |
|
| 700 | 1 | _aZegers de Beijl, Roger. | |
| 710 | 2 | _aebrary, Inc. | |
| 856 | 4 | 0 |
_uhttp://site.ebrary.com/lib/rucke/Doc?id=10004977 _zAn electronic book accessible through the World Wide Web; click to view |
| 999 |
_c3244 _d3244 |
||